<?xml version="1.0" encoding="UTF-8"?>
<record
    xmlns:xsi="http://www.w3.org/2001/XMLSchema-instance"
    xsi:schemaLocation="http://www.loc.gov/MARC21/slim http://www.loc.gov/standards/marcxml/schema/MARC21slim.xsd"
    xmlns="http://www.loc.gov/MARC21/slim">

  <leader>02821nam a22002657a 4500</leader>
  <controlfield tag="005">20240305165640.0</controlfield>
  <controlfield tag="007">cr||||   |||| </controlfield>
  <controlfield tag="008">220824s2020    pe |||||s|||| 00||0 spa d</controlfield>
  <datafield tag="020" ind1=" " ind2=" ">
    <subfield code="a">9786123251512</subfield>
  </datafield>
  <datafield tag="035" ind1=" " ind2=" ">
    <subfield code="a">36910</subfield>
  </datafield>
  <datafield tag="040" ind1=" " ind2=" ">
    <subfield code="a">vLex</subfield>
  </datafield>
  <datafield tag="090" ind1=" " ind2=" ">
    <subfield code="c">13809</subfield>
    <subfield code="d">13809</subfield>
  </datafield>
  <datafield tag="100" ind1="1" ind2=" ">
    <subfield code="a">Santib&#xE1;&#xF1;ez, Cristi&#xE1;n</subfield>
  </datafield>
  <datafield tag="245" ind1="1" ind2="0">
    <subfield code="a">Emociones, argumentaci&#xF3;n y argumentos</subfield>
    <subfield code="h">[Recurso electr&#xF3;nico] /</subfield>
    <subfield code="c">Cristi&#xE1;n Santib&#xE1;&#xF1;ez</subfield>
  </datafield>
  <datafield tag="256" ind1=" " ind2=" ">
    <subfield code="a">Servicio en l&#xED;nea</subfield>
  </datafield>
  <datafield tag="260" ind1=" " ind2=" ">
    <subfield code="a">Lima:</subfield>
    <subfield code="b">Palestra Editores,</subfield>
    <subfield code="c">2020</subfield>
  </datafield>
  <datafield tag="300" ind1=" " ind2=" ">
    <subfield code="a">1 recurso electr&#xF3;nico</subfield>
  </datafield>
  <datafield tag="500" ind1=" " ind2=" ">
    <subfield code="a">&#xBF;Por qu&#xE9; ha persistido est&#xE1; divisi&#xF3;n entre raz&#xF3;n y emociones por tanto tiempo? &#xBF;Por qu&#xE9; a&#xFA;n est&#xE1; en los libros escolares? &#xBF;Por qu&#xE9; intuimos que hay una separaci&#xF3;n? &#xBF;A qui&#xE9;n le conviene? El mundo avanza en muchas direcciones, pero a&#xFA;n hay h&#xE1;bitos at&#xE1;vicos relativos a relegar los sentimientos a un plano secundario y problem&#xE1;tico cuando se habla de negocios, pol&#xED;tica o razonamiento. Este libro que hemos construido no puede dar respuesta cabal a las preguntas planteadas, pero s&#xED; ofrece un acercamiento pausado para observar c&#xF3;mo las emociones juegan un papel clave en distintas dimensiones. Y esto no puede ser de otra forma, ya que nuestra disposici&#xF3;n b&#xE1;sica hacia los dem&#xE1;s y las cosas est&#xE1; constituida emocionalmente en tales distintas dimensiones. El &#xE1;rea principal que esta compilaci&#xF3;n de trabajos cubre es la argumentaci&#xF3;n, ya como objeto abstracto, ya como pr&#xE1;ctica y manifestaci&#xF3;n emp&#xED;rica. Y como la argumentaci&#xF3;n es una subcompetencia comunicativa que se despliega en muchas esferas de la vida colectiva, las y los autores han analizado y ejemplificado el rol de las emociones en el discurso pol&#xED;tico, la publicidad m&#xE9;dica, el problema de la polarizaci&#xF3;n pol&#xED;tica, la interacci&#xF3;n entre pares; pero tambi&#xE9;n se entrega reflexiones sobre la argumentaci&#xF3;n relativas al v&#xED;nculo con las motivaciones, los compromisos dial&#xE9;cticos involucrados en un di&#xE1;logo cr&#xED;tico en el que ellas aparecen. Se debe hacer notar que las y los autores de esta compilaci&#xF3;n est&#xE1;n convencidos de que la emoci&#xF3;n no solo ha sido tratada negligentemente en el &#xE1;mbito de los estudios de la argumentaci&#xF3;n, sino que su estudio m&#xE1;s acucioso generar&#xE1; una visi&#xF3;n, finalmente, completa, equilibrada y transparente de lo que nos hace distintivamente humanos.</subfield>
  </datafield>
  <datafield tag="506" ind1="1" ind2=" ">
    <subfield code="a">Disponible solo en los productos indicados</subfield>
    <subfield code="d">vLex Global</subfield>
    <subfield code="d">vLex Global (Academic Edition, excluding Law Schools)</subfield>
    <subfield code="d">vLex Global (U.S. Academic Edition, Law Schools)</subfield>
    <subfield code="d">vLex Global (U.S. Academic Edition, excluding Law Schools)</subfield>
    <subfield code="d">vLex Global (Academic Edition, Law Schools)</subfield>
  </datafield>
  <datafield tag="650" ind1="0" ind2="4">
    <subfield code="a">Derecho Militar</subfield>
    <subfield code="z">Per&#xFA;</subfield>
  </datafield>
  <datafield tag="650" ind1="0" ind2="4">
    <subfield code="a">Filosof&#xED;a y religi&#xF3;n</subfield>
    <subfield code="z">Per&#xFA;</subfield>
  </datafield>
  <datafield tag="740" ind1="0" ind2=" ">
    <subfield code="a">vLex Libros (Servicio en l&#xED;nea)</subfield>
  </datafield>
  <datafield tag="856" ind1="4" ind2="0">
    <subfield code="u">https://app.vlex.com/#/sources/36910</subfield>
  </datafield>
  <datafield tag="942" ind1=" " ind2=" ">
    <subfield code="c">RAA</subfield>
  </datafield>
  <datafield tag="952" ind1=" " ind2=" ">
    <subfield code="0">0</subfield>
    <subfield code="1">0</subfield>
    <subfield code="4">0</subfield>
    <subfield code="7">0</subfield>
    <subfield code="8">VLEX</subfield>
    <subfield code="9">329965</subfield>
    <subfield code="a">BD-UIN</subfield>
    <subfield code="b">BD-UIN</subfield>
    <subfield code="d">2024-03-05</subfield>
    <subfield code="l">0</subfield>
    <subfield code="p">36910</subfield>
    <subfield code="r">2024-03-05</subfield>
    <subfield code="w">2024-03-05</subfield>
    <subfield code="y">RAA</subfield>
  </datafield>
  <datafield tag="999" ind1=" " ind2=" ">
    <subfield code="c">172045</subfield>
    <subfield code="d">172045</subfield>
  </datafield>
</record>
